Complex Caligraphic Signs - Statistics

General Stats
  • This quiz has been taken 8 times
  • The average score is 9 of 15
Answer Stats
Question Tile Select % Correct
Interrobang No
86%
Irony Point No
86%
Doubt Point No
86%
Love Point No
71%
Rhetorical Question No
71%
Interrobang No
57%
Irony Point Yes
57%
Irony Point No
57%
Rhetorical Question No
57%
Doubt Point Yes
57%
Doubt Point No
57%
Interrobang Yes
43%
Love Point No
43%
Love Point Yes
43%
Rhetorical Question Yes
43%
No matching quizzes found
Score Distribution
Percent of People with Each Score
Percentile by Number Answered
Your Score History
You have not taken this quiz